LEADER 01116nam a2200229 i 4500 001 000000159331 003 CaOOAMICUS 005 20070226000000.0 008 070226n it u000 u mul u 013 $a136694 040 $aSeMil$bita 245 10$aPio 11. e l'Arte Sacra :$bopere d'arte delle Gallerie Pontificie : Cittą del Vaticano /$c; Edizione e fotografie di Arturo Faccioli ; cenni descrittivi di Monsignor Guido Anichini. 260 $a[S.l.] :$bArturo Faccioli,$c[19--]?. 300 $a[10] carte, [10] c. di tav. ;$c42 cm. 650 4$aPio XI - Arte Sacra.$0(OLS)http://semarc/subject/17150 700 1 $aFaccioli, Arturo.$0(OLS)http://semarc/name/41771 700 1 $aAnichini, Guido,$c.$0(OLS)http://semarc/name/20670 850 $aSeMil 852 $aSeMil$W1$xVenegono$y1$m5Q XII 15$j110889$B110889$CSeMilBibl$Z2$F120543 $8I 961 $aRecupero: Altro 996 $6245$aPio 11. e l'Arte Sacra :$bopere d'arte delle Gallerie Pontificie : Cittą del Vaticano$9(OLS)http://semarc/title/141253 996 $6260$a[S.l.] :$bArturo Faccioli$9(OLS)http://semarc/publisher/44178 LEADER 00929nam a2200217 i 4500 001 000000019232 003 CaOOAMICUS 005 20180830125444.0 008 180830s1978 it u000 u ita u 040 $aSeMil$bita 100 1 $aPagnossin, Giuseppe.$0(OLS)http://semarc/name/8591 245 13$aIl Calvario di Padre Pio /$cGiuseppe Pagnossin. 260 $a[S.l. :$bs.n.],$cstampa 1978$e(Conselve (Padova) :$fTipografia Matteo Suman,$gstampa 1978) 300 $a2 v. ;$c32 cm. 500 $aFondo card. Giovanni Colombo. - In sostituzione dei volumi gią presenti in Biblioteca. 600 04$aPio : da Pietrelcina .$0(OLS)http://semarc/subject/470 774 0 $aPagnossin, Giuseppe$tVolume primo.$w()37590 774 0 $aPagnossin, Giuseppe$tVol. 2.$w()169650 941 1 $a3 996 $6245$aIl Calvario di Padre Pio$9(OLS)http://semarc/title/25287 996 $6260$a[S.l. :$bs.n.]$9(OLS)http://semarc/publisher/29751